000 00930nam a2200229 i 4500
001 150711
003 ES-MaACL
005 20250815062640.0
007 t|
008 071106q1900 sp |||| | spa d
245 0 4 _aLos grandes discursos de los máximos oradores ingleses modernos
_b: Sullivan, Cockburn, Sheil, Cobden ... /
_ctraducción por Baldomero Argente.
260 _aMadrid :
_bLa España Moderna,
_c[ca. 1900] (
_fIdamor Moreno)
300 _a414 p. ;
_c23 cm.
490 1 _aBiblioteca de jurisprudencia, filosofía e historia
500 _aLa obra se fecha a finales del s. XIX, en p. 80 se fecha el discurso más moderno en 1888.
650 0 4 _aOratoria política.
_915734
650 4 _aPolíticos-
_xGran Bretaña.
_9136751
700 1 _aArgente, Baldomero,
_d1877-1965
_922691
830 0 0 _aBiblioteca de jurisprudencia, filosofía e historia
_9180691
852 _aES-MaACL
_jF-14824
999 _c150711
_d150711